Foundation of Software Testing (Record no. 5976)

MARC details
000 -LEADER
fixed length control field 00326nam a2200133Ia 4500
008 - FIXED-LENGTH DATA ELEMENTS--GENERAL INFORMATION
fixed length control field 191201s2013 xx 000 0 und d
100 ## - MAIN ENTRY--PERSONAL NAME
Personal name MATHUR, Aditya P
245 #0 - TITLE STATEMENT
Title Foundation of Software Testing
250 ## - EDITION STATEMENT
Edition statement 1st imp
260 ## - PUBLICATION, DISTRIBUTION, ETC. (IMPRINT)
Place of publication, distribution, etc New Delhi
Name of publisher, distributor, etc pearson
Date of publication, distribution, etc 2013
300 ## - PHYSICAL DESCRIPTION
Extent 697
650 ## - SUBJECT ADDED ENTRY--TOPICAL TERM
Topical term or geographic name as entry element M.Tech(CSE)
942 ## - ADDED ENTRY ELEMENTS (KOHA)
Source of classification or shelving scheme Dewey Decimal Classification
Koha item type Text Books
942 ## - ADDED ENTRY ELEMENTS (KOHA)
-- 1
Holdings
Withdrawn status Lost status Source of classification or shelving scheme Damaged status Not for loan Collection code Home library Current library Date acquired Source of acquisition Cost, normal purchase price Bill Number Total Checkouts Full call number Acc. no. / Barcode Date last seen Date last borrowed Actual Cost, discounted price Bill Date Koha item type
    Dewey Decimal Classification     B.Tech(CSE) PIET C-LIBRARY PIET C-LIBRARY 07/08/2014 Orange Books International 599.00 4580 1 005.14 MAF 24698 22/02/2022 08/02/2022 419.30 31/07/2014 Text Books
    Dewey Decimal Classification     B.Tech(CSE) PIET C-LIBRARY PIET C-LIBRARY 07/08/2014 Orange Books International 599.00 4580   005.14 MAF 24699 04/12/2019   419.30 31/07/2014 Text Books
    Dewey Decimal Classification     B.Tech(CSE) PIET C-LIBRARY PIET C-LIBRARY 07/08/2014 Orange Books International 599.00 4580 1 005.14 MAF 24700 16/12/2025 01/12/2025 419.30 31/07/2014 Text Books
    Dewey Decimal Classification     B.Tech(CSE) PIET C-LIBRARY PIET C-LIBRARY 07/08/2014 Orange Books International 599.00 4580   005.14 MAF 24701 04/12/2019   419.30 31/07/2014 Text Books
    Dewey Decimal Classification     B.Tech(CSE) PIET C-LIBRARY PIET C-LIBRARY 07/08/2014 Orange Books International 599.00 4580 1 005.14 MAF 24702 23/04/2026 24/03/2026 419.30 31/07/2014 Text Books

Design & Developed by: PIET Central Library
R70 Miles Stone Pattikalyana Samalkha Panipat 132102
mail ID :- [email protected], Phone No:- 0180-2569700 Ex.216